| Tag |
First Indicator |
Second Indicator |
Subfields |
| LEADER |
00000cam a2200000 4500 |
| 001 |
in00000036567 |
| 005 |
20151007060917.0 |
| 008 |
720329s1964 nyua 00010 eng u |
| 010 |
|
|
|a 64022170
|
| 035 |
|
|
|a (OCoLC)00272491
|
| 035 |
|
|
|9 AAD0558AM
|
| 040 |
|
|
|c WOO
|d TXA
|d UtOrBLW
|
| 049 |
|
|
|a TXAM
|c [453282]
|
| 050 |
|
0 |
|a GV709
|b .M3
|
| 092 |
|
|
|a 796
|b M157w
|
| 100 |
1 |
|
|a Mackey, Helen T.
|
| 245 |
1 |
0 |
|a Women's team sports officiating /
|c [by] Helen T. Mackey [and] Ann M. Mackey.
|
| 264 |
|
1 |
|a New York :
|b Ronald Press Co.,
|c [1964]
|
| 300 |
|
|
|a viii, 131 pages :
|b illustrations ;
|c 26 cm.
|
| 336 |
|
|
|a text
|b txt
|2 rdacontent
|
| 337 |
|
|
|a unmediated
|b n
|2 rdamedia
|
| 338 |
|
|
|a volume
|b nc
|2 rdacarrier
|
| 490 |
1 |
|
|a Ronald sports library
|
| 650 |
|
0 |
|a Sports for women.
|
| 650 |
|
0 |
|a Sports officiating.
|
| 700 |
1 |
|
|a Mackey, Ann M.
|
| 830 |
|
0 |
|a Ronald sports library.
|
| 999 |
|
|
|a MARS
|
| 999 |
f |
f |
|s 1d0136e5-a8e1-3308-888c-f3f065a0de03
|i 3353cc05-2400-3a18-ae04-2496b2f668b6
|t 0
|
| 952 |
f |
f |
|p ric
|a Texas A&M University
|b Rellis Campus
|c Joint Library Facility
|d Remote Storage
|t 0
|e GV709 .M3
|h Library of Congress classification
|i unmediated -- volume
|m A14801183175
|
| 998 |
f |
f |
|a GV709 .M3
|t 0
|l Remote Storage
|